[Event "II Int Open"]
[Site "Morelia MEX"]
[Date "2007.02.16"]
[Round "3"]
[White "Arreguin Hernandez,A"]
[Black "Huerta,S"]
[Result "0-1"]
[WhiteElo "2150"]
[BlackElo "2352"]
[EventDate "2007.02.15"]

1. e4 e5 2. Nf3 d6 3. d4 exd4 4. Nxd4 Nf6 5. Nc3 Be7 6. Be2 O-O 7. b3 d5 8.
exd5 Nxd5 9. Nxd5 Qxd5 10. O-O Bf6 11. c3 a6 12. Bf3 Qd8 13. Be3 Nd7 14.
Qc2 Ne5 15. Be4 g6 16. Rad1 Qe7 17. Rfe1 Bg7 18. Bf4 c6 19. Bxe5 Bxe5 20.
Nf3 f6 21. Nxe5 fxe5 22. Re3 Bf5 23. Qe2 Qc5 24. Bf3 Rae8 25. Re1 e4 26.
Qc4+ Qxc4 27. bxc4 Rd8 28. Bxe4 Bxe4 29. Rxe4 Rd2 30. R4e2 Rxe2 31. Rxe2
Rf4 32. Re8+ Kf7 33. Rb8 b5 34. cxb5 axb5 35. Rd8 Rc4 36. Rd3 b4 37. Kf1
bxc3 38. Rd1 Ra4 39. Rc1 Ra3 40. Rc2 Ke6 41. Ke2 Kd5 42. Ke3 Kc4 43. f4 Ra7
44. Ke2 Rb7 45. Kd1 Rb1+ 46. Rc1 Rb2 47. g4 Kd3 0-1

[Event "II Int Open"]
[Site "Morelia MEX"]
[Date "2007.02.17"]
[Round "4"]
[White "Leon Hoyos,M"]
[Black "Tapie Amione,P"]
[Result "1-0"]
[WhiteElo "2430"]
[BlackElo "1939"]
[EventDate "2007.02.15"]

1. e4 c5 2. Nf3 d6 3. d4 cxd4 4. Nxd4 Nf6 5. Nc3 a6 6. Bc4 e6 7. O-O b5 8.
Bb3 Be7 9. Qf3 Qc7 10. Qg3 Nc6 11. Nxc6 Qxc6 12. Re1 Bb7 13. a3 Rd8 14. f3
O-O 15. Bh6 Ne8 16. Rad1 Rd7 17. Ne2 Qc5+ 18. Kh1 Kh8 19. Bc1 Nf6 20. Nd4
Qe5 21. Qf2 Qh5 22. Ne2 Rc8 23. Be3 g5 24. c3 Rg8 25. Bc2 Qh4 26. Qxh4 gxh4
27. Nf4 Bc6 28. Bb3 Rdd8 29. Nd3 h3 30. g3 h5 31. Bb6 Rb8 32. Bd4 h4 33. g4
e5 34. Nxe5 dxe5 35. Bxe5 Rbf8 36. Bxf6+ Bxf6 37. Rd6 Be5 38. Rxc6 Rd8 39.
Bd5 f5 40. Rh6+ 1-0

[Event "II Int Open"]
[Site "Morelia MEX"]
[Date "2007.02.17"]
[Round "4"]
[White "Escobedo Tinajero,A"]
[Black "Guerrero Rodriguez,Alej"]
[Result "1-0"]
[WhiteElo "2385"]
[BlackElo "2143"]
[EventDate "2007.02.15"]

1. d4 e6 2. c4 d5 3. Nc3 Be7 4. Nf3 Nf6 5. e3 O-O 6. Bd3 dxc4 7. Bxc4 b6 8.
e4 Bb7 9. Qe2 Bb4 10. Bd3 h6 11. O-O Re8 12. e5 Nfd7 13. Ne4 Be7 14. Rd1
Nf8 15. Be3 Nbd7 16. Rac1 Bd5 17. Nc3 c5 18. Nxd5 exd5 19. Bb5 c4 20. Bc6
Rc8 21. Bxd5 b5 22. Be4 Bb4 23. Bb1 Qe7 24. Bd2 f6 25. Bxb4 Qxb4 26. Bf5
Rcd8 27. e6 Nb6 28. Nh4 Nd5 29. Ng6 Qd6 30. Nxf8 Kxf8 31. Qh5 Re7 32. g3
Qb6 33. Qg6 Nc7 34. Qh7 Nxe6 35. Bg6 Rf7 36. Re1 Qd6 37. Re3 Re8 38. Rce1
Qxd4 39. Qh8+ 1-0

[Event "II Int Open"]
[Site "Morelia MEX"]
[Date "2007.02.17"]
[Round "4"]
[White "Morales Lopez,O"]
[Black "Capo Vidal,U"]
[Result "0-1"]
[WhiteElo "2152"]
[BlackElo "2375"]
[EventDate "2007.02.15"]

1. e4 c5 2. Nc3 Nc6 3. f4 g6 4. Nf3 Bg7 5. Bc4 e6 6. O-O Nge7 7. Qe1 O-O 8.
d3 d5 9. Bb3 Na5 10. exd5 Nxb3 11. axb3 exd5 12. Bd2 Nf5 13. Ne5 b6 14. Ne2
Re8 15. Qf2 Qd6 16. Rae1 Bb7 17. Ng3 Nh6 18. h3 f6 19. Nf3 f5 20. d4 Nf7
21. c3 a6 22. Rxe8+ Rxe8 23. Be3 c4 24. bxc4 dxc4 25. Ne5 Qd5 26. Ne2 Nd6
27. Ng3 Bf6 28. Re1 Bh4 29. Qd2 Ne4 0-1

[Event "II Int Open"]
[Site "Morelia MEX"]
[Date "2007.02.17"]
[Round "4"]
[White "Cataneo Esparza,R"]
[Black "Verduga,D"]
[Result "0-1"]
[WhiteElo "2120"]
[BlackElo "2356"]
[EventDate "2007.02.15"]

1. d4 g6 2. c4 Bg7 3. Nc3 c5 4. d5 Bxc3+ 5. bxc3 f5 6. Nf3 d6 7. e3 Qa5 8.
Qc2 Nd7 9. Rb1 Nb6 10. Rb3 Qa4 11. Nd2 Nf6 12. Bd3 e6 13. O-O exd5 14. cxd5
c4 15. Nxc4 Nxc4 16. Qe2 b5 17. Bxc4 Qxc4 18. Qb2 O-O 19. Rb4 Qc7 20. Rd1
Bd7 21. f3 Rac8 22. Rb3 a5 23. Qf2 a4 24. Rb1 Qc5 25. Bb2 Nxd5 26. Rd3 Nb6
27. c4 Nxc4 28. Bd4 Qc7 29. Qh4 Be6 30. Bc3 Ne5 31. Qd4 Qc4 32. Qxc4 Bxc4
33. Rxd6 Bxa2 34. Rxb5 Nf7 35. Rd2 Rxc3 36. Rxa2 Ra8 37. Kf2 Nd6 38. Rb4 a3
39. e4 fxe4 40. fxe4 Re8 41. Re2 Rc4 42. Rxc4 Nxc4 43. Kf3 Rf8+ 0-1

[Event "II Int Open"]
[Site "Morelia MEX"]
[Date "2007.02.17"]
[Round "5"]
[White "Ibarra Chami,L"]
[Black "Norgaard,J"]
[Result "1-0"]
[WhiteElo "2296"]
[BlackElo "2434"]
[EventDate "2007.02.15"]

1. e4 d5 2. exd5 Qxd5 3. Nc3 Qa5 4. d4 Nf6 5. Nf3 Bf5 6. Bc4 c6 7. Bd2 e6
8. Nd5 Qd8 9. Nxf6+ gxf6 10. Qe2 Bxc2 11. Bc3 Bg6 12. Rd1 Be7 13. d5 cxd5
14. Bxd5 exd5 15. Bxf6 Rg8 16. Rxd5 Qc7 17. Bxe7 Qxe7 18. Re5 Nc6 19. Rxe7+
Nxe7 20. Qb5+ Kf8 21. Qxb7 Kg7 22. O-O Nf5 23. b3 Rgb8 24. Qa6 Rb6 25. Qa3
h5 26. Re1 a6 27. h3 Rd8 28. Re5 Nh6 29. Qc5 Rbd6 30. Kh2 Ng8 31. Re8 1-0

[Event "II Int Open"]
[Site "Morelia MEX"]
[Date "2007.02.17"]
[Round "5"]
[White "Tiviakov,S"]
[Black "Stellwagen,D"]
[Result "0-1"]
[WhiteElo "2667"]
[BlackElo "2585"]
[EventDate "2007.02.15"]

1. e4 c5 2. Nf3 e6 3. c3 Nf6 4. e5 Nd5 5. Bc4 Nc6 6. O-O d6 7. d4 cxd4 8.
cxd4 Nb6 9. Bb5 Bd7 10. Nc3 d5 11. Ng5 h6 12. Nh3 Nc4 13. Nf4 Qa5 14. Qh5
Na3 15. Ba4 b5 16. Bb3 Nxd4 17. Qd1 Nc6 18. Ncxd5 Nc4 19. Bxc4 bxc4 20. Bd2
Qd8 21. Ne3 Nxe5 22. Bc3 Qb8 23. Qd4 Nd3 24. Nxd3 cxd3 25. Qxd3 Qb5 26. Qd4
e5 27. Qxe5+ Qxe5 28. Bxe5 f6 29. Bd4 Be6 30. Rfc1 Bd6 31. Rc6 Kd7 32. Ra6
Rhc8 33. Rd1 Rc6 34. Rxa7+ Rxa7 35. Bxa7 Ke8 36. a3 Be5 37. Bd4 Bb3 38. Re1
Bxd4 39. Nf5+ Be5 40. f4 Rc2 41. fxe5 fxe5 42. Rxe5+ Kf7 43. Nd4 Rxb2 44.
Rb5 Rb1+ 45. Kf2 Ba2 46. Rxb1 Bxb1 47. Ke3 Kf6 48. a4 Ba2 49. Ke4 Bc4 50.
a5 Bf1 51. g3 h5 52. Nb3 Kg5 53. Kf3 Bc4 54. Nc5 Bd5+ 55. Kf2 Kg4 56. a6
Kh3 57. Nd3 g5 58. Kg1 Kg4 59. Ne5+ Kh3 60. Ng6 Ba8 61. a7 Bb7 62. Ne7 h4
63. Nf5 Kg4 64. Nd6 Ba8 65. Kf2 Kh3 66. Nf5 Kg4 67. Ne3+ Kh3 68. Nf1 Bb7
69. gxh4 Kxh4 70. Ng3 Kh3 71. Kg1 Ba8 72. Ne4 Bxe4 0-1

[Event "II Int Open"]
[Site "Morelia MEX"]
[Date "2007.02.17"]
[Round "5"]
[White "Vega,J"]
[Black "Leon Hoyos,M"]
[Result "0-1"]
[WhiteElo "2273"]
[BlackElo "2430"]
[EventDate "2007.02.15"]

1. d4 Nf6 2. c4 c5 3. Nf3 cxd4 4. Nxd4 b6 5. Nc3 Bb7 6. f3 e6 7. e4 d6 8.
Be3 Be7 9. Be2 O-O 10. O-O a6 11. Qd2 Nbd7 12. Rac1 Rc8 13. Rfd1 Qc7 14.
Bf1 Rfe8 15. b3 Qb8 16. Bf2 Bd8 17. Nc2 Bc7 18. Bg3 Ne5 19. Ne1 Red8 20.
Nd3 Ng6 21. Nf4 Rd7 22. Nce2 Rcd8 23. Kh1 Qa8 24. Nxg6 hxg6 25. Nc3 Qb8 26.
Qe1 Nh5 27. Bh4 Re8 28. Bf2 d5 29. Bg1 Rdd8 30. Rc2 g5 31. exd5 exd5 32.
Qf2 Rd6 33. g4 d4 34. gxh5 dxc3 35. Rxd6 Bxd6 36. Rxc3 g4 37. Bg2 Bc5 38.
Qf1 Qe5 39. Rd3 Qe1 40. Bxc5 gxf3 0-1

[Event "II Int Open"]
[Site "Morelia MEX"]
[Date "2007.02.17"]
[Round "5"]
[White "Garmendez Gonzalez,C"]
[Black "Escobedo Tinajero,A"]
[Result "1/2-1/2"]
[WhiteElo "2202"]
[BlackElo "2385"]
[EventDate "2007.02.15"]

1. e4 c6 2. d3 d5 3. Nc3 e6 4. g3 Nd7 5. Bg2 g6 6. Nf3 Bg7 7. O-O Ne7 8.
Bg5 O-O 9. Qd2 d4 10. Ne2 e5 11. Bh6 f6 12. Bxg7 Kxg7 13. c3 c5 14. b4 dxc3
15. Qxc3 b6 16. bxc5 bxc5 17. Nd2 Ba6 18. f4 Nc6 19. fxe5 Ndxe5 20. Nf4
Qd4+ 21. Qxd4 Nxd4 22. Nb3 Nxd3 23. Nxd3 Bxd3 24. Rfd1 Bc2 25. Nxd4 cxd4
26. Rxd4 Rad8 27. Rc4 Bd3 28. Rc7+ Rf7 29. Rxf7+ Kxf7 30. Rd1 Ke7 31. Kf2
Bc2 32. Rxd8 Kxd8 33. Ke3 Kc7 34. Kd4 Kd6 35. Bf1 Bd1 36. Bc4 g5 37. a3 h6
38. Bf7 Bg4 39. Bc4 Bd1 1/2-1/2

[Event "II Int Open"]
[Site "Morelia MEX"]
[Date "2007.02.17"]
[Round "5"]
[White "Sanchez Enr.,O"]
[Black "Dominguez Aguilar,G"]
[Result "0-1"]
[WhiteElo "2197"]
[BlackElo "2376"]
[EventDate "2007.02.15"]

1. e4 c5 2. Nf3 d6 3. d4 cxd4 4. Nxd4 Nf6 5. Nc3 a6 6. Bg5 Nbd7 7. Bc4 Qa5
8. Qd2 e6 9. Bb3 Be7 10. f4 h6 11. Bxf6 gxf6 12. f5 Nc5 13. O-O Bd7 14.
fxe6 fxe6 15. Bc4 Qb4 16. Be2 Qxb2 17. Bh5+ Kd8 18. Rab1 Qa3 19. Nde2 b5
20. Qd4 Rc8 21. Rxf6 Bxf6 22. Qxf6+ Kc7 23. e5 d5 24. Qe7 Kb6 25. Rd1 Bc6
26. Rd3 Qb2 27. Rg3 Qa1+ 28. Kf2 Rhf8+ 29. Ke3 Rfd8 30. Kd4 Bb7 31. Rg6 b4
32. Bg4 bxc3 33. Bxe6 Qd1+ 34. Ke3 Qd2+ 35. Kf3 Nxe6 36. Rxe6+ Ka7 0-1

[Event "II Int Open"]
[Site "Morelia MEX"]
[Date "2007.02.18"]
[Round "7"]
[White "Potkin,V"]
[Black "Leon Hoyos,M"]
[Result "1/2-1/2"]
[WhiteElo "2580"]
[BlackElo "2430"]
[EventDate "2007.02.15"]

1. d4 Nf6 2. Nf3 e6 3. c4 c5 4. d5 b5 5. dxe6 fxe6 6. cxb5 d5 7. g3 Bb7 8.
Bg2 Qa5+ 9. Nc3 d4 10. Qa4 Qxa4 11. Nxa4 Nbd7 12. b3 Bd6 13. O-O Rb8 14. e3
e5 15. Ba3 Ke7 16. exd4 cxd4 17. Bxd6+ Kxd6 18. Nb2 Bxf3 19. Bxf3 Rxb5 20.
Nc4+ Ke6 21. Rfe1 Nb6 22. a4 Rc5 23. Nxb6 axb6 24. b4 Rc3 25. Bg2 Nd5 26.
Rad1 Kd6 27. a5 bxa5 28. bxa5 Ra8 29. f4 exf4 30. gxf4 1/2-1/2